| 000 | 01598nam a2200397 i 4500 | ||
|---|---|---|---|
| 001 | 193603 | ||
| 003 | SpMaBN | ||
| 005 | 20250827042130.0 | ||
| 007 | ta | ||
| 008 | 220722s2022 sp a | |||| 000 p spa | ||
| 017 |
_aM 12853-2022 _bOficina Depósito Legal Madrid |
||
| 020 | _a9788419369017 | ||
| 040 |
_aSpMaBN _bspa _cSpMaBN _erda |
||
| 080 | _a821.134.2-14"19" | ||
| 100 | 1 |
_aRuiz de Torres, Juan, _d1931-2014 _4aut _eaut _9155342 |
|
| 245 | 1 | 0 |
_aVersos de mi silencio : _b(antología poética 2013-1958) / _cJuan Ruiz de Torres ; selección, comentarios y fotos, Ángela Reyes |
| 250 | _aPrimera edición | ||
| 264 | 1 |
_aMadrid : _bDeslinde, _c2022 |
|
| 300 |
_a482 páginas : _bilustraciones (blanco y negro y color) ; _c24 cm |
||
| 336 |
_aTexto _aImagen fija _2rdacontent |
||
| 337 |
_asin mediación _2rdamedia |
||
| 338 |
_avolumen _2rdacarrier |
||
| 490 | 0 | _aPremio Vasconcelos | |
| 500 | _aÍndice | ||
| 500 | _aCatalogación provisional. Signatura: N 8639. Depósito J. | ||
| 655 | 7 |
_aPoesías _2tgfbne _9176539 |
|
| 700 | 1 |
_aReyes, Ángela, _d1946- _epbl _9137576 |
|
| 852 |
_aES-MaACL _bR. 153491 _cDEPOJ _jN-8639 _gDedicatoria autógrafa de la autora _hDonación: Ángela Reyes _9201068 _zEn proceso |
||
| 903 |
_aReyes, Ángela, _d1946- _ednr _9137576 |
||
| 942 |
_n0 _cMONOGRAFIA |
||
| 999 |
_c193603 _d193603 |
||